| 000 | 00368 a2200169 4500 | ||
|---|---|---|---|
| 001 | 184013 | ||
| 020 | _a84-348-3092-2 | ||
| 040 | _cMagnum | ||
| 100 | _aAlcántara, Ricardo | ||
| 240 | 1 | 0 |
_aGustavo y los miedos _lESP |
| 245 | 1 | 0 | _aGustavo y los miedos |
| 300 | _a63 | ||
| 362 | 0 | _a1999 | |
| 440 | 1 | _aSm | |
| 697 | _aLITERATURA INFANTIL ESPANHOLA | ||
| 942 | _cBK | ||
| 999 |
_c184013 _d184013 |
||